000 00532nam a22001817a 4500
003 BD-ChCU
005 20260513093244.0
008 260513b bg ||||| |||| 00| 0 ben d
040 _cBD-ChCU
082 _aREF 808.02 TUM
100 _aTurabian , Kate L .
_922878
245 _aA manual for writers of term papers , theases , & dissertations ./
_cKate L. Turabian .
250 _a14th ed.
260 _aChicago :
_bUniv . of Chicago ,
_cC 1973
300 _aviii , 215p.
650 0 _aQuotations .
_922881
942 _2ddc
_cBK
_n0
999 _c112923
_d112923